| 000 | 00721nmc a2200289 a 4500 | ||
|---|---|---|---|
| 003 | AR-X00000XY | ||
| 005 | 20251128211931.0 | ||
| 008 | 277020s2006 ||||||||||||||000 | spa|| | ||
| 020 | _a950-07-2777-3 | ||
| 040 | _cAR-X00000XY | ||
| 100 | 1 | _aShua, Ana María | |
| 245 | 1 | 0 | _aMiedo de noche |
| 250 | _a1ª ed. | ||
| 260 |
_aBuenos Aires _bSudamericana _c2006 |
||
| 300 | 0 |
_a64 p. _bil. |
|
| 490 | 0 |
_aPan Flauta _vv. 76 |
|
| 650 | 4 | _aCUENTOS | |
| 650 | 4 | _aLIBROS PARA NINOS | |
| 650 | 4 | _aLITERATURA ARGENTINA | |
| 650 | 4 | _aLITERATURA CONTEMPORANEA | |
| 650 | 4 | _aCUENTOS DE TERROR | |
| 655 | _aLITERATURA | ||
| 700 | 1 |
_aAimar, Gustavo _eilustrador |
|
| 800 | 0 | _aCanela | |
| 942 | _cBK | ||
| 998 | _cNancy | ||
| 999 |
_c21676 _d21676 |
||